00238 a2200109 4500001000700000040001100007100002500018240003700043245003200080300000700112362000900119194758 cMagnum aHeck, Lenira Almeida10aNo reino das letras felizeslpor10aNo reino das letras felizes a140 a2007